| 000 | 01695nam0a2200385 4500 | ||
|---|---|---|---|
| 001 | RU\NLR\bibl\166820 | ||
| 005 | 20260406122923.0 | ||
| 010 |
_a5-8451-0693-1 _910000 |
||
| 021 |
_aRU _b2001-11521 _9539 |
||
| 035 | _a(NLR Aleph) 000163635 | ||
| 090 |
_a941629 _c941629 |
||
| 100 | _a20010601d2001 |||y0rusy50 ca | ||
| 101 | 1 |
_arus _ceng |
|
| 102 | _aRU | ||
| 105 | _aa ||||||||| | ||
| 200 | 1 |
_aКосмос _eЗвезды и планеты. Косм. полеты. Реактив. самолеты. Телевидение _e[Для мл. и сред. шк. возраста _fНауч. ред. Л.Я. Гальперштейн _gПер. с англ. Е.В. Комиссарова] |
|
| 210 |
_aМ. _cРосмэн _cРосмэн-издат _d2001 |
||
| 215 |
_a132 с. _cцв. ил. _d28 |
||
| 225 | 1 | _aЭнциклопедия юного ученого | |
| 320 | _aУказ. в конце разд. | ||
| 610 | 0 | _aКосмическое пространство - Энциклопедии детские (д. л.) | |
| 610 | 0 | _aСамолеты реактивные - Энциклопедии детские (д. л.) | |
| 610 | 0 | _aТелевидение - Энциклопедии детские (д. л.) | |
| 610 | 0 | _aДетские энциклопедии (д. л.) | |
| 675 |
_a087.5:629.78(031) _v3 _zrus |
||
| 686 |
_a39.6я2 _2rubbk |
||
| 686 |
_aШ9 _bВ656 |
||
| 702 | 1 |
_4340 _8rus _7ca _aГальперштейн _bЛ.Я. _f1918- _gЛеонид Яковлевич _3RU\NLR\auth\77813 _9110853 |
|
| 801 | 0 |
_aRU _bRKP _c20010601 _gPSBO |
|
| 801 | 1 |
_aRU _bRKP _c20010601 |
|
| 801 | 2 |
_aRU _bNLR _c20051020 _grcr |
|
| 942 | _cBOOK | ||
| 980 | _aNB | ||